00495nam a2200157Ia 450000100060000000800410000602000180004704000130006508200220007810000300010024500850013026000790021530000110029454600070030565000250031243938140425s9999 xx 000 0 und d a9789699325007 cPK-LaUMT aRHC 327.54bJAH-B aJahangir Tamemi, Muhammad aBhaarti khaarja policy (Urdu)bek tajziyaati mutaalaacJahangir Tamemi, Muhammad aLahore,Pakistan:bCenter for South Asian Studies, Punjab University,c2008 a257 p. aUR aForeign policy-India